| 000 -LEADER |
| fixed length control field |
00692nam a22002295i 4500 |
| 001 - CONTROL NUMBER |
| control field |
20586954 |
| 005 - DATE AND TIME OF LATEST TRANSACTION |
| control field |
20221107172207.0 |
| 008 - FIXED-LENGTH DATA ELEMENTS--GENERAL INFORMATION |
| fixed length control field |
180717s2019 mou 000 0 eng |
| 010 ## - LIBRARY OF CONGRESS CONTROL NUMBER |
| LC control number |
2018951824 |
| 020 ## - INTERNATIONAL STANDARD BOOK NUMBER |
| International Standard Book Number |
9780323596770x |
| 080 ## - UNIVERSAL DECIMAL CLASSIFICATION NUMBER |
| Universal Decimal Classification number |
611(084.4) N-33 |
| 100 1# - MAIN ENTRY--PERSONAL NAME |
| Personal name |
Netter, Frank H. |
| 9 (RLIN) |
8646 |
| 245 10 - TITLE STATEMENT |
| Title |
Atlas of human anatomy : |
| Remainder of title |
latin terminology / |
| Statement of responsibility, etc. |
Frank H. Netter, MD. |
| 250 ## - EDITION STATEMENT |
| Edition statement |
7th edition. |
| 264 #1 - PRODUCTION, PUBLICATION, DISTRIBUTION, MANUFACTURE, AND COPYRIGHT NOTICE |
| Place of production, publication, distribution, manufacture |
Philadelphia, MO : |
| Name of producer, publisher, distributor, manufacturer |
Elsevier, |
| Date of production, publication, distribution, manufacture, or copyright notice |
2018. |
| 300 ## - PHYSICAL DESCRIPTION |
| Extent |
535 pages, |
| Other physical details |
28 cm. |
| 653 ## - INDEX TERM--UNCONTROLLED |
| keyword |
ადამიანის ანატომია |
| 653 ## - INDEX TERM--UNCONTROLLED |
| keyword |
ატლასი |
| 653 ## - INDEX TERM--UNCONTROLLED |
| keyword |
მედიცინა |
| 942 ## - ADDED ENTRY ELEMENTS (KOHA) |
| Source of classification or shelving scheme |
|
| Koha item type |
წიგნი |